[Event "17th Corsican Circuit Final"]
[Site "Bastia FRA"]
[Date "2013.10.20"]
[Round "1.1"]
[White "Tkachiev, Vladislav"]
[Black "Kozul, Zdenko"]
[Result "1/2-1/2"]
[WhiteTitle "GM"]
[BlackTitle "GM"]
[WhiteElo "2637"]
[BlackElo "2597"]
[WhiteFideId "618438"]
[BlackFideId "14502879"]
[EventDate "2013.10.20"]

1. Nf3 Nf6 2. c4 g6 3. g3 c6 4. b3 Bg7 5. Bb2 O-O 6. Bg2 d5 7. O-O Bg4 8. d3
Bxf3 9. Bxf3 Nbd7 10. Nd2 Qb6 11. Rb1 a5 12. a3 Rfd8 13. Qc2 e6 14. e3 Ne8 15.
Bxg7 Nxg7 16. d4 h5 17. Rfc1 h4 18. b4 axb4 19. axb4 hxg3 20. hxg3 Nf5 21. b5
Qa5 22. Bg4 Ne7 23. Nb3 Qa3 24. cxd5 cxd5 25. Nc5 Nf6 26. Rb3 Qa2 27. Rb2 Qa3
28. Rb3 Qa2 29. Bf3 Qxc2 30. Rxc2 Rdc8 31. b6 Nd7 32. e4 Ra5 33. exd5 Nxd5 34.
Bxd5 exd5 35. Rbc3 Nxb6 36. Nxb7 Ra1+ 37. Kg2 Rc4 38. Nd6 Rxc3 39. Rxc3 Ra7 40.
Rc6 Na4 41. Ne8 Kf8 42. Nf6 Nb2 43. Nxd5 Rd7 44. Rc8+ Kg7 45. Rg8+ Kh6 46. Nf6
Rxd4 47. f4 Rd6 48. Rh8+ Kg7 49. Ne8+ Kxh8 50. Nxd6 Kg7 51. Ne4 Nd3 52. Kf3 Nb4
53. Kg2 Nd3 54. Kf3 Nb4 55. Kg2 Nd3 56. Kf3 Nb4 1/2-1/2

[Event "17th Corsican Circuit Final"]
[Site "Bastia FRA"]
[Date "2013.10.20"]
[Round "1.1"]
[White "Balogh, Csaba"]
[Black "Fridman, Daniel"]
[Result "1/2-1/2"]
[WhiteTitle "GM"]
[BlackTitle "GM"]
[WhiteElo "2632"]
[BlackElo "2602"]
[WhiteFideId "718939"]
[BlackFideId "11600454"]
[EventDate "2013.10.20"]

1. e4 e6 2. d4 d5 3. Nd2 c5 4. exd5 Qxd5 5. dxc5 Nf6 6. Ngf3 Qxc5 7. Bd3 Be7 8.
O-O Nbd7 9. Qe2 Qc7 10. Ne4 Nxe4 11. Bxe4 Nc5 12. Rd1 Bd7 13. Nd4 Qe5 14. Bf3
Qxe2 15. Nxe2 O-O-O 16. Be3 Bc6 17. Bxc6 bxc6 18. Bd4 Rhg8 19. b3 Kb7 20. Bb2
Ne4 21. f3 Bc5+ 22. Kf1 Nd6 23. g4 Kc8 24. Nf4 Nb5 25. c4 Bd4 26. Bxd4 Nxd4 27.
Kf2 e5 28. Nd3 Rge8 29. Nc5 a5 30. Rd3 Nc2 31. Rad1 Nb4 32. Rxd8+ Rxd8 33. Rxd8+
Kxd8 34. a3 Nc2 35. Ke2 Kc7 36. Kd3 Ne1+ 37. Ke4 Nc2 38. a4 Ne1 39. g5 f6 40. h4
fxg5 41. hxg5 h6 42. g6 Kd6 43. Nb7+ Kc7 44. Nc5 Kd6 45. Nb7+ Kc7 46. Nc5 1/2-1/2

[Event "17th Corsican Circuit Final"]
[Site "Bastia FRA"]
[Date "2013.10.20"]
[Round "1.1"]
[White "Fedorchuk, Sergey A."]
[Black "Cvitan, Ognjen"]
[Result "1-0"]
[WhiteTitle "GM"]
[BlackTitle "GM"]
[WhiteElo "2656"]
[BlackElo "2557"]
[WhiteFideId "14102536"]
[BlackFideId "14500086"]
[EventDate "2013.10.20"]

1. e4 c5 2. Nf3 d6 3. d4 cxd4 4. Nxd4 Nf6 5. Nc3 g6 6. Be3 Bg7 7. Be2 O-O 8. Qd2
Nc6 9. O-O-O Bd7 10. h4 h5 11. Kb1 Qa5 12. f3 Rfc8 13. Nb3 Qc7 14. Bg5 Be6 15.
g4 a5 16. Nb5 Qd8 17. Bxf6 Bxf6 18. gxh5 a4 19. N3d4 Nxd4 20. Nxd4 Qb6 21. hxg6
Bc4 22. gxf7+ Kxf7 23. c3 Ra5 24. f4 Bxe2 25. Qxe2 Rxc3 26. e5 dxe5 27. Qh5+ Kf8
28. Ne6+ Qxe6 29. Rd8+ 1-0

[Event "17th Corsican Circuit Final"]
[Site "Bastia FRA"]
[Date "2013.10.20"]
[Round "1.2"]
[White "Saric, Ivan"]
[Black "Postny, Evgeny"]
[Result "1-0"]
[WhiteTitle "GM"]
[BlackTitle "GM"]
[WhiteElo "2628"]
[BlackElo "2631"]
[WhiteFideId "14508150"]
[BlackFideId "2804344"]
[EventDate "2013.10.20"]

1. e4 e5 2. Nf3 Nc6 3. Bb5 a6 4. Ba4 Nf6 5. O-O Be7 6. Re1 b5 7. Bb3 d6 8. c3
Na5 9. Bc2 c5 10. d4 Qc7 11. a4 c4 12. Bg5 O-O 13. Nbd2 Bb7 14. Nf1 Rfe8 15. h3
g6 16. Ng3 Nc6 17. d5 Nb8 18. Nh4 Nxd5 19. Bxe7 Nxe7 20. Qd2 Nd7 21. Rad1 Nc5
22. Qh6 Kh8 23. Nhf5 Nxf5 24. exf5 Rg8 25. h4 Qe7 26. h5 gxf5 27. Bxf5 f6 28.
Rxd6 Raf8 29. Red1 Qg7 30. Qe3 Nd3 31. h6 Qg5 32. Rd7 1-0

[Event "17th Corsican Circuit Final"]
[Site "Bastia FRA"]
[Date "2013.10.20"]
[Round "1.2"]
[White "Cvitan, Ognjen"]
[Black "Fedorchuk, Sergey A."]
[Result "1-0"]
[WhiteTitle "GM"]
[BlackTitle "GM"]
[WhiteElo "2557"]
[BlackElo "2656"]
[WhiteFideId "14500086"]
[BlackFideId "14102536"]
[EventDate "2013.10.20"]

1. d4 Nf6 2. c4 e6 3. Nc3 Bb4 4. e3 O-O 5. Bd3 c5 6. Nf3 b6 7. O-O Bb7 8. Na4
cxd4 9. exd4 Re8 10. a3 Bf8 11. Nc3 d6 12. Re1 Nbd7 13. b4 a6 14. Bb2 g6 15. g3
Bg7 16. Rc1 Rc8 17. Rc2 Qc7 18. Bf1 Qb8 19. Nd2 Ba8 20. a4 Qb7 21. d5 Ne5 22.
Nce4 Nxe4 23. Nxe4 exd5 24. Nxd6 Qc6 25. Bxe5 Rxe5 26. Nxc8 dxc4 27. f3 Rxe1 28.
Qxe1 Bd4+ 29. Kh1 Qxc8 30. Qd1 Qf5 31. Bg2 b5 32. axb5 axb5 33. Rd2 Bf6 34. f4
Bxg2+ 35. Kxg2 Bc3 36. Rd5 Qe4+ 37. Qf3 Qc2+ 38. Kh3 Bxb4 39. Rxb5 Bf8 40. Qd5
Qe2 41. Rb8 h5 42. Qe5 Qf1+ 43. Kh4 Qf2 44. h3 Qd2 45. Qe7 1-0

[Event "17th Corsican Circuit Final"]
[Site "Bastia FRA"]
[Date "2013.10.20"]
[Round "1.2"]
[White "Greenfeld, Alon"]
[Black "Istratescu, Andrei"]
[Result "0-1"]
[WhiteTitle "GM"]
[BlackTitle "GM"]
[WhiteElo "2545"]
[BlackElo "2664"]
[WhiteFideId "2800039"]
[BlackFideId "1200372"]
[EventDate "2013.10.20"]

1. Nf3 g6 2. c4 Bg7 3. d4 c5 4. e4 Qb6 5. dxc5 Qxc5 6. Be2 d6 7. O-O Nc6 8. h3
Be6 9. Qb3 Na5 10. Qa4+ Bd7 11. Qc2 Rc8 12. Nbd2 Qc7 13. Rb1 b5 14. b3 bxc4 15.
b4 Nc6 16. Bxc4 Nf6 17. Ba6 Nb8 18. Qxc7 Rxc7 19. Bd3 O-O 20. Bb2 Rfc8 21. e5
Nd5 22. exd6 exd6 23. Bxg7 Kxg7 24. Ne4 Nf4 25. Ne1 Be6 26. g3 Nxd3 27. Nxd3
Bxh3 28. Rfe1 Bf5 29. Rbd1 Bxe4 30. Rxe4 Rc2 31. a4 Ra2 32. b5 Nd7 33. Re7 Nb6
34. Rxa7 Rxa4 35. Rxa4 Nxa4 36. Nf4 Rd8 37. Nd5 h5 38. Ra1 Nc5 39. b6 g5 40. Kg2
Kg6 41. Ra7 Rb8 42. Rc7 Kf5 43. Rc6 Ke5 44. Ne3 Na4 45. Rc7 Ke6 46. b7 Nc5 47.
Rc8 Rxb7 48. Rh8 Rb2 49. Rh6+ f6 50. Rxh5 Nd3 51. Ng4 Kf5 52. Ne3+ Ke5 0-1

[Event "17th Corsican Circuit Final"]
[Site "Bastia FRA"]
[Date "2013.10.20"]
[Round "1.2"]
[White "Fridman, Daniel"]
[Black "Balogh, Csaba"]
[Result "1/2-1/2"]
[WhiteTitle "GM"]
[BlackTitle "GM"]
[WhiteElo "2602"]
[BlackElo "2632"]
[WhiteFideId "11600454"]
[BlackFideId "718939"]
[EventDate "2013.10.20"]

1. c4 e5 2. Nc3 Nf6 3. Nf3 Nc6 4. g3 Bb4 5. Bg2 O-O 6. O-O d6 7. d3 h6 8. Bd2 a6
9. a3 Bc5 10. b4 Ba7 11. Be3 Nd4 12. Rc1 Nxf3+ 13. exf3 Re8 14. Qd2 Bf5 15. Rfe1
c6 16. Bxa7 Rxa7 17. d4 Ra8 18. dxe5 dxe5 19. Rcd1 Qxd2 20. Rxd2 Be6 21. c5 Bc4
22. Bf1 Bxf1 23. Kxf1 a5 24. b5 cxb5 25. Nxb5 Re7 26. Nd6 Ne8 27. f4 f6 28. fxe5
fxe5 29. f4 Rc7 30. Rxe5 Nxd6 31. cxd6 Rd7 32. Rb5 Ra6 33. Rbd5 Kf7 34. Ke2 Ke6
35. f5+ Kf6 36. Kf3 Rc6 37. R2d3 b6 38. g4 h5 39. h3 hxg4+ 40. hxg4 Rc4 41. R5d4
Rxd4 42. Rxd4 Ke5 43. Re4+ Kxd6 44. Re6+ Kc5 45. a4 b5 46. axb5 Kxb5 47. Re5+
Kb4 48. Re4+ Kb3 49. Re3+ Kb4 50. Re4+ Kb3 51. Re3+ Kb4 52. Re4+ 1/2-1/2

[Event "17th Corsican Circuit Final"]
[Site "Bastia FRA"]
[Date "2013.10.20"]
[Round "1.3"]
[White "Saric, Ivan"]
[Black "Postny, Evgeny"]
[Result "0-1"]
[WhiteTitle "GM"]
[BlackTitle "GM"]
[WhiteElo "2628"]
[BlackElo "2631"]
[WhiteFideId "14508150"]
[BlackFideId "2804344"]
[EventDate "2013.10.20"]

1. e4 e5 2. Nf3 Nc6 3. Bc4 Bc5 4. O-O Nf6 5. d3 O-O 6. h3 a6 7. c3 Be7 8. Re1 d6
9. a4 h6 10. Nbd2 Be6 11. b4 Qd7 12. Qb3 b5 13. Bxe6 Qxe6 14. c4 bxc4 15. dxc4
Rfb8 16. b5 axb5 17. cxb5 Na5 18. Qc3 c6 19. Rb1 Nd7 20. Ba3 Rc8 21. Rec1 Nb6
22. bxc6 Rxc6 23. Qb4 Nbc4 24. Nxc4 Rxc4 25. Rxc4 Nxc4 26. a5 Rxa5 27. Rc1 Rc5
28. Qa4 Nxa3 29. Qxa3 Kh7 30. Rd1 Qc8 31. Qd3 Qc6 32. g3 Rc3 33. Qe2 Rc2 34. Rd2
Rc1+ 35. Kg2 Qc5 36. Ne1 Rc3 37. Nc2 Rc4 38. Qd3 Qc6 39. f3 Rc3 40. Qe2 Bg5 41.
Nb4 Qc5 42. Rb2 Rc1 43. Qf2 Be3 44. Qe2 Bg5 45. Qf2 Qc4 46. Nd5 Ra1 47. h4 Qc1
48. Kh3 Qh1+ 49. Qh2 Qxf3 50. hxg5 Rh1 51. gxh6 Qh5+ 0-1

[Event "17th Corsican Circuit Final"]
[Site "Bastia FRA"]
[Date "2013.10.20"]
[Round "1.3"]
[White "Cvitan, Ognjen"]
[Black "Fedorchuk, Sergey A."]
[Result "0-1"]
[WhiteTitle "GM"]
[BlackTitle "GM"]
[WhiteElo "2557"]
[BlackElo "2656"]
[WhiteFideId "14500086"]
[BlackFideId "14102536"]
[EventDate "2013.10.20"]

1. c4 Nf6 2. Nc3 e5 3. Nf3 Nc6 4. g3 Bc5 5. Bg2 d6 6. O-O O-O 7. d3 h6 8. a3 a6
9. b4 Ba7 10. Bb2 Be6 11. h3 Ne7 12. Rc1 Ng6 13. e3 c6 14. Kh2 Re8 15. a4 Bb8
16. a5 Bc7 17. Na4 Qe7 18. Nd2 Rad8 19. Qc2 d5 20. Nc5 Bc8 21. Qb3 dxc4 22. Nxc4
Nd5 23. d4 exd4 24. Bxd4 Nh4 25. Bh1 Nf5 26. Ba1 Qg5 27. e4 Nde3 28. exf5 Nxf1+
29. Rxf1 Qxf5 30. Bg2 h5 31. Ne3 Qg6 32. Qb1 Bxg3+ 33. fxg3 Qxb1 34. Rxb1 Rxe3
35. Bb2 Re2 36. Bc3 Re3 37. Be1 Rde8 38. Bf2 Re2 39. Kg1 Ra2 40. Rd1 Rb2 41. Nd3
Ra2 42. Bc5 Rd8 43. Bf1 Bf5 44. Nf2 Rxd1 45. Nxd1 Ra1 46. Nf2 Be6 47. Ne4 Bxh3
48. Nd2 Bxf1 49. Nxf1 f6 50. Kf2 Kf7 51. Ne3 Ke6 52. Nc4 Rd1 53. Bf8 g5 54. Bc5
Rd3 55. Ne3 Rd2+ 56. Kf3 f5 57. Nc4 Rd3+ 58. Kf2 Rd5 59. Ne3 Rd2+ 60. Ke1 Ra2
61. Kf1 Ke5 62. Nc4+ Ke4 63. Nd6+ Kf3 64. Ke1 f4 65. gxf4 gxf4 66. Nxb7 h4 67.
Nd8 h3 68. Nxc6 h2 69. Ne5+ Ke4 0-1

[Event "17th Corsican Circuit Final"]
[Site "Bastia FRA"]
[Date "2013.10.20"]
[Round "1.3"]
[White "Greenfeld, Alon"]
[Black "Istratescu, Andrei"]
[Result "1-0"]
[WhiteTitle "GM"]
[BlackTitle "GM"]
[WhiteElo "2545"]
[BlackElo "2664"]
[WhiteFideId "2800039"]
[BlackFideId "1200372"]
[EventDate "2013.10.20"]

1. Nf3 c5 2. c4 g6 3. d4 Bg7 4. e4 Qb6 5. dxc5 Qxc5 6. Be2 d6 7. O-O Nc6 8. h3
Be6 9. Na3 a6 10. Be3 Qa5 11. Rb1 Nf6 12. Ng5 O-O 13. c5 Bxa2 14. Ra1 h6 15. Nc4
Qd8 16. Nxf7 Rxf7 17. Rxa2 Nxe4 18. Nb6 Rb8 19. Bc4 dxc5 20. Bxf7+ Kxf7 21. Nd7
Rc8 22. Qf3+ Kg8 23. Qxe4 Qxd7 24. Qxg6 Qd6 25. Qg4 Rd8 26. b3 Nd4 27. Rd2 e5
28. f4 e4 29. f5 Kh8 30. Qxe4 b5 31. f6 Bxf6 32. b4 Bg5 33. bxc5 Bxe3+ 34. Qxe3
Nf3+ 35. Rxf3 Qxd2 36. Qe5+ Kg8 37. Qe6+ Kh8 38. Qf6+ Kh7 39. Kh2 Qg5 40. Qf7+
Qg7 41. Qe6 Qc7+ 42. Rg3 Rf8 43. Qg6+ Kh8 44. Qxh6+ 1-0

[Event "17th Corsican Circuit Final"]
[Site "Bastia FRA"]
[Date "2013.10.20"]
[Round "1.4"]
[White "Balogh, Csaba"]
[Black "Fridman, Daniel"]
[Result "0-1"]
[WhiteTitle "GM"]
[BlackTitle "GM"]
[WhiteElo "2632"]
[BlackElo "2602"]
[WhiteFideId "718939"]
[BlackFideId "11600454"]
[EventDate "2013.10.20"]

1. e4 e6 2. Qe2 Be7 3. Nf3 d5 4. d3 c5 5. g3 Nc6 6. Bg2 Nf6 7. O-O O-O 8. e5 Nd7
9. c4 dxc4 10. dxc4 b6 11. Rd1 Qc7 12. Nc3 a6 13. Bf4 Bb7 14. Nd5 exd5 15. cxd5
Ncxe5 16. Nxe5 Bd6 17. Nc6 Bxf4 18. gxf4 Qd6 19. Qe7 Qxe7 20. Nxe7+ Kh8 21. Nf5
Rad8 22. Nd6 Ba8 23. Nc4 b5 24. Ne5 Nxe5 25. fxe5 Rfe8 26. f4 g5 27. d6 Bxg2 28.
Kxg2 gxf4 29. Rd5 Re6 30. Rad1 f6 31. exf6 Rxf6 32. Kf3 Kg8 33. d7 Rf7 34. h4
Kf8 35. h5 c4 36. Rd6 b4 37. h6 c3 38. bxc3 bxc3 39. Rxa6 Rfxd7 40. Rc1 Rc8 41.
Kxf4 c2 42. Rf6+ Ke7 43. Rf5 Rd1 44. Re5+ Kd6 45. Rd5+ 0-1

[Event "17th Corsican Circuit Final"]
[Site "Bastia FRA"]
[Date "2013.10.20"]
[Round "1.4"]
[White "Fedorchuk, Sergey A."]
[Black "Cvitan, Ognjen"]
[Result "1-0"]
[WhiteTitle "GM"]
[BlackTitle "GM"]
[WhiteElo "2656"]
[BlackElo "2557"]
[WhiteFideId "14102536"]
[BlackFideId "14500086"]
[EventDate "2013.10.20"]

1. e4 c5 2. Nf3 d6 3. c3 Nf6 4. Be2 g6 5. O-O Bg7 6. Bb5+ Bd7 7. Bxd7+ Nfxd7 8.
d4 Nc6 9. d5 Nce5 10. Ne1 O-O 11. Qe2 Nb6 12. a4 e6 13. a5 Nc8 14. dxe6 fxe6 15.
Nd2 Ne7 16. Nc4 N7c6 17. Nxe5 Bxe5 18. Nd3 Bg7 19. a6 b6 20. Rd1 Qd7 21. Bg5
Rae8 22. Bh4 d5 23. Bg3 Qf7 24. Bd6 Ne7 25. Ne5 Bxe5 26. Bxe5 Rd8 27. Bg3 Nc6
28. Rd2 d4 29. Rad1 e5 30. Qb5 Qe6 31. f3 Rd7 32. Bh4 h6 33. Bf2 Rfd8 34. cxd4
Nxd4 35. Bxd4 exd4 36. b3 Kg7 37. Rd3 g5 38. h3 Kg6 39. R3d2 Rc8 40. Qd3 Kg7 41.
Rf2 Rf8 42. Rdf1 Rdf7 43. h4 g4 44. f4 Re8 45. Qg3 Qxe4 46. Qxg4+ Qg6 47. Qd1 h5
48. f5 Qg4 49. f6+ Kh7 50. Qd3+ Qg6 51. Rf5 Kh8 52. Qf3 Rh7 53. f7 Rf8 54. Qf4
Qh6 55. Qe5+ Qg7 56. Qf4 d3 57. Rg5 Qc3 58. Rg8+ Rxg8 1-0

[Event "17th Corsican Circuit Final"]
[Site "Bastia FRA"]
[Date "2013.10.20"]
[Round "1.5"]
[White "Postny, Evgeny"]
[Black "Saric, Ivan"]
[Result "0-1"]
[WhiteTitle "GM"]
[BlackTitle "GM"]
[WhiteElo "2631"]
[BlackElo "2628"]
[WhiteFideId "2804344"]
[BlackFideId "14508150"]
[EventDate "2013.10.20"]

1. d4 Nf6 2. c4 g6 3. Nc3 Bg7 4. e4 d6 5. f3 O-O 6. Be3 c5 7. Nge2 Nc6 8. d5 Na5
9. Ng3 e6 10. Be2 a6 11. a4 Qb6 12. Ra2 Qb4 13. Qd3 exd5 14. cxd5 Nd7 15. f4 c4
16. Qc2 Nc5 17. O-O Bd7 18. e5 dxe5 19. f5 Rfe8 20. Kh1 Nd3 21. Bxd3 cxd3 22.
Qxd3 Qc4 23. Qd1 e4 24. f6 Bf8 25. Rf4 Qd3 26. Rxe4 Qxd1+ 27. Nxd1 Rxe4 28. Nxe4
Re8 29. Nec3 Nc4 30. Bf2 b5 31. axb5 axb5 32. b3 Ne5 33. h3 b4 34. Ne2 Nd3 35.
Bg3 Bf5 36. Nd4 Be4 37. Ne3 Bc5 38. Ndc2 h5 39. Ra5 g5 40. d6 h4 41. Bh2 Rd8 42.
Nxb4 Nf2+ 43. Kg1 Bxe3 44. Kf1 Nd3 45. Nc2 Bf4 46. Bxf4 Nxf4 47. Rxg5+ Ng6 48.
Rg4 Bxc2 49. Rd4 Bxb3 50. Kf2 Kf8 51. Ke3 Be6 52. Ke4 Ke8 53. Rd2 Kd7 54. Kf3
Rc8 55. Ke4 Rc6 56. Rb2 Kxd6 57. Rd2+ Kc7 58. Kf3 Rc4 59. Rb2 Ne5+ 60. Ke3 Kc6
61. Rb8 Kd5 62. Rd8+ Bd7 63. Kd2 Ke4 64. Rh8 Kf5 65. Rh5+ Kxf6 66. Rh6+ Ng6 67.
Rh5 Bf5 68. Ke2 Rc5 69. Kd2 Rd5+ 70. Kc3 Be4 71. Rxd5 Bxd5 72. Kd4 Bxg2 73. Ke3
Bxh3 74. Kf3 Be6 75. Kg2 Kg5 76. Kh2 Kg4 77. Kg2 h3+ 78. Kh2 Nf4 79. Kg1 Kg3 80.
Kh1 Bc4 81. Kg1 h2+ 0-1

[Event "17th Corsican Circuit Final"]
[Site "Bastia FRA"]
[Date "2013.10.20"]
[Round "1.5"]
[White "Greenfeld, Alon"]
[Black "Istratescu, Andrei"]
[Result "1-0"]
[WhiteTitle "GM"]
[BlackTitle "GM"]
[WhiteElo "2545"]
[BlackElo "2664"]
[WhiteFideId "2800039"]
[BlackFideId "1200372"]
[EventDate "2013.10.20"]

1. Nf3 Nf6 2. c4 e6 3. Nc3 Bb4 4. g3 b6 5. Bg2 Bb7 6. O-O O-O 7. d3 d5 8. cxd5
exd5 9. Bf4 Bd6 10. Bxd6 Qxd6 11. Rc1 a6 12. Nd4 c5 13. Nf5 Qd7 14. e4 d4 15.
Na4 Qe6 16. b4 cxb4 17. Rc7 Bc6 18. Nxb6 Bxe4 19. Bxe4 Nxe4 20. Qg4 Qf6 21. dxe4
h5 22. Qxh5 g6 23. Qh6 1-0

[Event "17th Corsican Circuit Final"]
[Site "Bastia FRA"]
[Date "2013.10.21"]
[Round "2.1"]
[White "Fedorchuk, Sergey A."]
[Black "Greenfeld, Alon"]
[Result "1-0"]
[WhiteTitle "GM"]
[BlackTitle "GM"]
[WhiteElo "2656"]
[BlackElo "2545"]
[WhiteFideId "14102536"]
[BlackFideId "2800039"]
[EventDate "2013.10.20"]

1. e4 c5 2. Nf3 d6 3. d4 cxd4 4. Nxd4 Nf6 5. Nc3 Nc6 6. h3 g6 7. Be3 Bg7 8. g4
O-O 9. Bg2 Nd7 10. Nde2 Nb6 11. b3 f5 12. exf5 gxf5 13. Qd2 e5 14. Bg5 Qe8 15.
O-O-O f4 16. Be4 Be6 17. Qxd6 Rf7 18. Qd3 Bf8 19. Kb1 Rc8 20. Bf5 Nb4 21. Qf3
Rxf5 22. gxf5 Bxf5 23. Rd2 Bg7 24. Rg1 Kh8 25. Qxb7 Bg6 26. Rgd1 Nxc2 27. Rxc2
Bxc2+ 28. Kxc2 Qg6+ 29. Kb2 Qxg5 30. Ne4 Qf5 31. N2c3 Qf8 32. Qxa7 Qb4 33. Rg1
Bf8 34. Rg8+ 1-0

[Event "17th Corsican Circuit Final"]
[Site "Bastia FRA"]
[Date "2013.10.21"]
[Round "2.2"]
[White "Fridman, Daniel"]
[Black "Naiditsch, Arkadij"]
[Result "1/2-1/2"]
[WhiteTitle "GM"]
[BlackTitle "GM"]
[WhiteElo "2602"]
[BlackElo "2724"]
[WhiteFideId "11600454"]
[BlackFideId "4650891"]
[EventDate "2013.10.20"]

1. d4 Nf6 2. c4 e6 3. Nc3 Bb4 4. Qc2 d5 5. cxd5 Qxd5 6. e3 c5 7. Bd2 Bxc3 8.
Bxc3 cxd4 9. Bxd4 Nc6 10. Bxf6 gxf6 11. Ne2 Qa5+ 12. Nc3 Nb4 13. Qb3 Bd7 14. a3
Nd5 15. Qxb7 Nxc3 16. Qxa8+ Ke7 17. Qb7 Na2+ 18. b4 Qxa3 19. Rd1 Qc3+ 20. Rd2
Qc1+ 21. Rd1 Qc3+ 22. Rd2 Qc1+ 23. Rd1 Qc3+ 24. Rd2 1/2-1/2

[Event "17th Corsican Circuit Final"]
[Site "Bastia FRA"]
[Date "2013.10.21"]
[Round "2.2"]
[White "Greenfeld, Alon"]
[Black "Fedorchuk, Sergey A."]
[Result "1-0"]
[WhiteTitle "GM"]
[BlackTitle "GM"]
[WhiteElo "2545"]
[BlackElo "2656"]
[WhiteFideId "2800039"]
[BlackFideId "14102536"]
[EventDate "2013.10.20"]

1. Nf3 Nf6 2. c4 b6 3. Nc3 Bb7 4. d4 e6 5. a3 d5 6. cxd5 Nxd5 7. e3 Nd7 8. Bd3
Be7 9. O-O N7f6 10. Qc2 Nxc3 11. bxc3 Bxf3 12. gxf3 O-O 13. Kh1 c5 14. Rg1 cxd4
15. cxd4 Rc8 16. Qe2 g6 17. Bb2 Nd5 18. Rg3 Nc3 19. Qf1 Na4 20. Bc1 Qd5 21. Bd2
Nb2 22. Be4 Qd7 23. Qh3 Nc4 24. Qh6 Bd6 25. Bb4 Bxg3 26. Bxf8 Rxf8 27. hxg3 Nd6
28. Kg2 Nxe4 29. fxe4 f6 30. Qf4 Qc6 31. Kh2 b5 32. Rd1 Qc2 33. Rh1 Qc6 34. g4
a5 35. Kg3 g5 36. Qf3 Qc7+ 37. Kg2 b4 38. axb4 axb4 39. Rb1 Qb7 40. d5 e5 41.
Qf5 b3 42. Qe6+ Kg7 43. Kf3 b2 44. d6 Rd8 45. Rxb2 Qd7 46. Qd5 Kg6 1-0

[Event "17th Corsican Circuit Final"]
[Site "Bastia FRA"]
[Date "2013.10.21"]
[Round "2.3"]
[White "Greenfeld, Alon"]
[Black "Fedorchuk, Sergey A."]
[Result "0-1"]
[WhiteTitle "GM"]
[BlackTitle "GM"]
[WhiteElo "2545"]
[BlackElo "2656"]
[WhiteFideId "2800039"]
[BlackFideId "14102536"]
[EventDate "2013.10.20"]

1. Nf3 Nf6 2. c4 b6 3. Nc3 Bb7 4. d4 e6 5. a3 d5 6. cxd5 Nxd5 7. e3 Be7 8. Bb5+
c6 9. Bd3 O-O 10. Qc2 h6 11. O-O Nxc3 12. bxc3 c5 13. e4 Qc8 14. Qe2 Ba6 15. Rd1
Rd8 16. Bf4 Bxd3 17. Rxd3 cxd4 18. cxd4 Nd7 19. h4 Qb7 20. Re1 Rac8 21. Ne5 Nxe5
22. Bxe5 Bd6 23. Bxd6 Rxd6 24. Qg4 Qe7 25. d5 Rcd8 26. Rg3 Qf8 27. dxe6 Rxe6 28.
h5 Re5 29. Qh4 Rde8 30. Kh2 Qc5 31. Rh3 b5 32. Ree3 Qd6 33. Reg3 Rxe4 0-1

[Event "17th Corsican Circuit Final"]
[Site "Bastia FRA"]
[Date "2013.10.21"]
[Round "2.3"]
[White "Fridman, Daniel"]
[Black "Naiditsch, Arkadij"]
[Result "1-0"]
[WhiteTitle "GM"]
[BlackTitle "GM"]
[WhiteElo "2602"]
[BlackElo "2724"]
[WhiteFideId "11600454"]
[BlackFideId "4650891"]
[EventDate "2013.10.20"]

1. d4 Nf6 2. c4 e6 3. Nc3 Bb4 4. Qc2 O-O 5. Nf3 d6 6. g3 Nc6 7. Bg2 e5 8. d5 Nd4
9. Nxd4 exd4 10. a3 Bxc3+ 11. bxc3 dxc3 12. O-O Qe7 13. e4 Qe5 14. Rd1 Re8 15.
f3 h5 16. Bf4 Qe7 17. h4 Nd7 18. Qxc3 Nc5 19. Re1 f6 20. Be3 Bd7 21. Bd4 Na4 22.
Qb3 Reb8 23. f4 b5 24. e5 bxc4 25. Qxc4 fxe5 26. fxe5 Bb5 27. Qc2 Nb6 28. exd6
Qxd6 29. Re6 Qd7 30. Rg6 Ba4 31. Qd3 Bb5 32. Qd1 Rf8 33. Rxg7+ Qxg7 34. Bxg7
Kxg7 35. Qxh5 Be8 36. Qg5+ Kh8 37. Qh6+ Kg8 38. d6 Rc8 39. Be4 Rf7 40. Rf1 Rg7
41. Bh7+ 1-0

[Event "17th Corsican Circuit Final"]
[Site "Bastia FRA"]
[Date "2013.10.21"]
[Round "2.4"]
[White "Fedorchuk, Sergey A."]
[Black "Greenfeld, Alon"]
[Result "1/2-1/2"]
[WhiteTitle "GM"]
[BlackTitle "GM"]
[WhiteElo "2656"]
[BlackElo "2545"]
[WhiteFideId "14102536"]
[BlackFideId "2800039"]
[EventDate "2013.10.20"]

1. e4 c5 2. Nf3 d6 3. d4 cxd4 4. Nxd4 Nf6 5. Nc3 Nc6 6. h3 g6 7. Be3 Bg7 8. g4
O-O 9. Bg2 h5 10. gxh5 Nxh5 11. Bf3 Nxd4 12. Bxd4 Nf4 13. Bxg7 Kxg7 14. Qd2 e5
15. h4 Be6 16. O-O-O Rc8 17. Kb1 Qa5 18. a3 Rc6 19. Ne2 Qxd2 20. Rxd2 Nxe2 21.
Bxe2 Rh8 22. h5 f6 23. Rg1 g5 24. Rgd1 Rd8 25. b4 Kh6 26. Kb2 a6 27. a4 Rdc8 28.
b5 axb5 29. Bxb5 Rc5 30. Rc1 d5 31. exd5 Bxd5 32. c4 Bc6 33. Rd6 Bxb5 34. Rxf6+
Kxh5 35. Rh1+ Kg4 36. Rg1+ Kh5 37. Rh1+ Kg4 38. Rg1+ Kh5 39. Rh1+ 1/2-1/2

[Event "17th Corsican Circuit Final"]
[Site "Bastia FRA"]
[Date "2013.10.21"]
[Round "2.4"]
[White "Naiditsch, Arkadij"]
[Black "Fridman, Daniel"]
[Result "0-1"]
[WhiteTitle "GM"]
[BlackTitle "GM"]
[WhiteElo "2724"]
[BlackElo "2602"]
[WhiteFideId "4650891"]
[BlackFideId "11600454"]
[EventDate "2013.10.20"]

1. e4 e5 2. f4 exf4 3. Bc4 d5 4. Bxd5 Nf6 5. Nc3 Bb4 6. Bb3 Bxc3 7. bxc3 Nxe4 8.
Nf3 O-O 9. O-O Nc6 10. Re1 Bf5 11. Bb2 Na5 12. d3 Nf6 13. Qd2 Qd6 14. Nd4 Bg6
15. Nb5 Qb6+ 16. Nd4 c5 17. Nf3 c4+ 18. d4 cxb3 19. axb3 Nc4 20. bxc4 Qxb2 21.
Rec1 Ne4 22. Qxf4 Nxc3 23. Re1 Qxa1 0-1

[Event "17th Corsican Circuit Final"]
[Site "Bastia FRA"]
[Date "2013.10.21"]
[Round "3.1"]
[White "Fedorchuk, Sergey A."]
[Black "Saric, Ivan"]
[Result "1-0"]
[WhiteTitle "GM"]
[BlackTitle "GM"]
[WhiteElo "2656"]
[BlackElo "2628"]
[WhiteFideId "14102536"]
[BlackFideId "14508150"]
[EventDate "2013.10.20"]

1. e4 e5 2. Nf3 Nc6 3. Bb5 a6 4. Ba4 Nf6 5. O-O Be7 6. Re1 b5 7. Bb3 d6 8. c3
O-O 9. d3 Na5 10. Bc2 c5 11. Nbd2 Nd7 12. a3 Nb6 13. b4 Nc6 14. Nf1 Be6 15. h3
c4 16. d4 exd4 17. cxd4 d5 18. Ng3 a5 19. bxa5 Rxa5 20. Rb1 Na4 21. Bd2 c3 22.
Bc1 Nb2 23. Bxb2 cxb2 24. Rxb2 Bxa3 25. Rb1 g6 26. Bb3 Bb4 27. Re3 Be7 28. Rc1
Nb4 29. Qe1 Ra3 30. Ne5 Ra6 31. exd5 Nxd5 32. Nc6 Rxc6 33. Rxc6 Nxe3 34. Bxe6
Nxg2 35. Kxg2 fxe6 36. Qxe6+ Kh8 37. d5 Bh4 38. d6 Re8 39. Qd5 Qg5 40. Qd4+ Qe5
41. d7 Re6 42. d8=Q+ Bxd8 43. Qxd8+ Re8 44. Qd7 Re7 45. Qd3 b4 46. Rb6 Qc5 47.
Qb5 Qd4 48. Qxb4 Qd5+ 49. Kh2 Qe5 50. Qb2 Qxb2 51. Rxb2 Kg7 52. Kg2 Rf7 53. Rb4
Rd7 54. Ne4 Re7 55. Nc5 Kf6 56. Rb6+ Ke5 57. Rb7 Rxb7 58. Nxb7 g5 59. Kg3 h5 60.
Nc5 Kf5 61. Nd3 1-0